Responses for Show #7974 - Thursday, April 18, 2019

James Holzhauer game 11.

Contestants

[<< previous game]

Gregory Bodkin, an institutional development manager from Brooklyn, New York

Samantha Merwin, a graduate student from Irvine, California

James Holzhauer, a professional sports gambler from Las Vegas, Nevada (whose 10-day cash winnings total $697,787)

[next game >>]

Jeopardy! Round responses

ANAGRAMMED TV TITLES
AROUND THE HOUSE
PET SOUNDS
THE AUNT HILL
NEXT YEAR
IN JERUSALEM
    $200 26
The Walking Dead

James
    $200 27
mantel

James
    $200 7
purr

James
    $200 28
Aunt Jemima

James
    $200 29
Mars

Samantha
    $200 30
quarters

Samantha
    $400 25
Empire

James
    $400 24
a buffet

James
    $400 22
bark

James
    $400 23
Luke Skywalker

James
    $400 21
Starbucks

Samantha
    $400 20
Dome of the Rock

James
    $600 15
The Flash

James
    $600 19
thyme

Gregory
    $600 18
hiss

James
    $600 17
(Alex: "I'm your Auntie [*]".)

Mame

James
    $600 16
Tokyo

James
    $600 13
Solomon

James
    $800 14
Blue Bloods

James
    $800 12
a hutch

Gregory
    $800 11
woof

Triple Stumper
    $800 10
James (Trotter)

James
    $3,000 9
women's suffrage (or women's right to vote or the 19th Amendment)

James
    $800 8
the Six-Day War

James
    $1000 6
Shameless

Samantha
    $1000 5
Trex

Triple Stumper
    $1000 4
Howl

James
    $1000 2
Mad Max

James
    $1000 1
Charlotte

Gregory
    $1000 3
the Knesset

Gregory

Scores at the first commercial break (after clue 15):

James Samantha Gregory
$8,800 $1,000 $2,800

Scores at the end of the Jeopardy! Round:

James Samantha Gregory
$13,200 $1,800 $3,400

Double Jeopardy! Round responses

FEATURE FILM DEBUTS
GREEK & ROMAN LIT
-OMETERS
U.S. SENATE GLOSSARY
BATTLE ROYALE
REVERSIBLE COMPOUND WORDS
(Alex: We need both words as a response.)
    $400 28
Animal House

Samantha
    $400 29
tragedy

James
    $400 1
blood pressure

Samantha
    $400 15
senior (senator)

James
    $400 30
Spain

James
    $400 17
overpass and Passover

James
    $800 27
Matt Damon

James
    $800 23
the Odyssey and the Iliad

Gregory
    $800 2
a tachometer

James
    $800 26
president pro tem

James
    $800 21
(Samantha: Uh... ooh.)

Napoleon

JamesSamantha
    $800 20
an outbreak and a breakout

Gregory
    $1200 24
Love Story

James
    $1200 6
Aristotle

James
    $1200 10
a pedometer

Samantha
    $1200 4
quorum

James
    $1200 3
archers

Gregory
    $1200 19
layover and overlay

Samantha
    $1600 14
Coming to America

Samantha
    $1600 7
a satyr

James
    $1600 11
a chronometer

James
    $1600 25
scorekeeping

James
    $6,013 5
Morocco

James
    $1600 18
uphold and holdup

James
    $2000 13
Ricki Lake

James
    $9,812 8
Marcus Aurelius

James
    $2000 12
spectrometer

James
    $2000 22
oversight

Gregory
    $2000 9
the Battle of Hastings

Samantha
    $2000 16
sellout and outsell

Samantha

Scores at the end of the Double Jeopardy! Round:

James Samantha Gregory
$47,825 $9,800 $8,200
(lock game)

[wagering suggestions for these scores]

Final Jeopardy! Round responses

COMIC BOOK SUPERHEROES
(Alex: If you paid close attention to the last part of the clue, "C. King", it would have helped you immensely.)
...
(Alex: [To James] C. King. The Sea King.)
(James: Thank you for bad movie night, honey.)
(Alex: What's this?)
(James: I'm thanking my wife for bad movie night.)
(Alex: Okay. Now, Katie and Jo Jo are...)
(James: Niece and nephew.)
GregoryWho Batman
$4,000
SamanthaWho is Superman???
$6,601
JamesWho is Aquaman? Hi Katie & Jo Jo ♥
$26,308
Aquaman

Final scores:

James Samantha Gregory
$74,133 $3,199 $4,200
11-day champion: $771,920 3rd place: $1,000 2nd place: $2,000

Game dynamics:

Coryat scores:

James Samantha Gregory
$33,400 $9,800 $8,200
39 R
(including 3 DDs),
0 W
11 R,
1 W
8 R,
0 W

Combined Coryat: $51,400

[game clues] [game scores] [suggest correction]

Game tape date: 2019-02-12
The J! Archive is created by fans, for fans. Scraping, republication, monetization, and malicious use prohibited; this site may use cookies and collect identifying information. See terms. The Jeopardy! game show and all elements thereof, including but not limited to copyright and trademark thereto, are the property of Jeopardy Productions, Inc. and are protected under law. This website is not affiliated with, sponsored by, or operated by Jeopardy Productions, Inc. Join the discussion at JBoard.tv.